000
00467nam a2200157Ia 4500
003
LDD
008
190327s9999 xx 000 0 und d
040
_c
LDD
082
_a
8S1.09 म6607सं
100
_a
मलैया, आशालता
245
0
_a
संस्कृत शतकपरम्परा और आचार्य विद्यासागर के शतक
260
_c
1989
300
_a
471
942
_2
ddc
_c
BK
949
_a
G008216
999
_c
192620
_d
192620